Những sai lầm thường gặp của học sinh lớp 5 trong học tập về số thập phân và ý kiến đề xuất
Nghiên cứu cơ sở lí luận của đề tài. Điều tra những sai lầm thường gặp của học sinh lớp 5 trong học tập về số thập phân. Phân tích những nguyên nhân sai lầm của học sinh khi học tập về số thập phân. Đề xuất một số biện pháp khắc phục những sai lầm thường gặp của học sinh lớp 5 trong học tập về số th...
Đã lưu trong:
| Tác giả chính: | |
|---|---|
| Tác giả khác: | |
| Định dạng: | Sách |
| Ngôn ngữ: | Vietnamese |
| Được phát hành: |
Đà Nẵng
Đại học Sư phạm, Đại học Đà Nẵng
2012
|
| Những chủ đề: | |
| Các nhãn: |
Thêm thẻ
Không có thẻ, Là người đầu tiên thẻ bản ghi này!
|
| Thư viện lưu trữ: | Mạng thư viện Đại học Đà Nẵng |
|---|
| LEADER | 01932nam a2200325 4500 | ||
|---|---|---|---|
| 001 | 000016766 | ||
| 003 | 13175 | ||
| 005 | 20130104080120.0 | ||
| 008 | 121226s2012 viesd | ||
| 041 | 0 | |a vie | |
| 082 | |a 372.7 |b NG-D | ||
| 100 | 1 | |a Nguyễn Thị Thùy Dung | |
| 245 | 0 | |a Những sai lầm thường gặp của học sinh lớp 5 trong học tập về số thập phân và ý kiến đề xuất |c Nguyễn Thị Thùy Dung | |
| 260 | |a Đà Nẵng |b Đại học Sư phạm, Đại học Đà Nẵng |c 2012 | ||
| 300 | |a 72 tr., Phụ lục 11 tr. |c 29 cm. |e Đĩa CD, tài liệu tóm tắt | ||
| 500 | |a Khóa luận tốt nghiệp đại học. Chuyên ngành: Sư phạm Tiểu học | ||
| 504 | |a Mục lục đầu trang, tài liệu tham khảo tr. 73 - 74, phụ lục [13 tr.] | ||
| 520 | |a Nghiên cứu cơ sở lí luận của đề tài. Điều tra những sai lầm thường gặp của học sinh lớp 5 trong học tập về số thập phân. Phân tích những nguyên nhân sai lầm của học sinh khi học tập về số thập phân. Đề xuất một số biện pháp khắc phục những sai lầm thường gặp của học sinh lớp 5 trong học tập về số thập phân. - Thực nghiệm sư phạm để xem xét tính khả thi và tính hiệu quả của các biện pháp được đề xuất. | ||
| 653 | |a Khoa Tiểu học Mầm Non | ||
| 700 | |a Lê Tử Tín |c Th.S |e Hướng dẫn | ||
| OWN | |a LSP | ||
| AVA | |a UDN50 |b LSP |d 372.7 NG-D |e available |t Error 5001 Not defined in file expand_doc_bib_avail. |f 1 |g 0 |h N |i 0 |k 1 | ||
| 999 | |a From the UDN01 | ||
| AVA | |a UDN50 |b LSP |d 372.7 NG-D |e available |t Error 5001 Not defined in file expand_doc_bib_avail. |f 1 |g 0 |h N |i 0 |k 1 | ||
| TYP | |a Monograph | ||
| TYP | |a Printed language | ||
| 980 | |a Mạng thư viện Đại học Đà Nẵng | ||